Play Chess - Statistics

General Stats
  • This quiz has been taken 13 times
  • The average score is 7 of 82
Answer Stats
Move Answer % Correct
King's Pawn Opening e4
100%
Pawn move e5
67%
Ruy López Opening Bb5
33%
Knight move Nc6
33%
King's Pawn Opening: King's Knight Variation Nf3
33%
Ruy López Opening: Berlin Defense Nf6
33%
Ruy López Opening: Berlin, Rio Gambit Accepted Nxe4
33%
Castling O-O
33%
Bishop blocks check Be7
22%
Retreating the bishop Bf1
22%
Pawn move d4
22%
Retreating the knight Nd6
22%
Knight takes pawn Nxe5
22%
Knight takes knight Nxe5
22%
Castling O-O
22%
Attacking the knight Re1
22%
Rook takes knight, with check Rxe5+
22%
Bishop move Bf4
11%
Attacking the rook Bf6
11%
Retreating the bishop Bf6
11%
Bishop takes pawn Bxd4
11%
Bishop takes knight Bxd6
11%
Attacking the bishop c3
11%
Pawn takes bishop cxd6
11%
Queen takes rook Qxe1
11%
Retreating the rook Re1
11%
Moving the rook Re8
11%
Rook takes rook Rxe1
11%
Pawn attacks queen a3
0%
Pawn move a6
0%
Pawn move b5
0%
Bishop move Bb1
0%
Bishop move Bb7
0%
Bishop move Bc2
0%
Bishop moves Bc4
0%
Bishop move Bd3
0%
Bishop move Bd4
0%
Bishop move Be4
0%
Bishop attacks knight Bf5
0%
Bishop move Bf6
0%
Bishop move, at this point it's a draw Bf8
0%
Bishop retreats Bg7
0%
Bishop move Bg7
0%
Bishop takes pawn Bxb2
0%
Bishop move Bxc6
0%
Bishop takes pawn Bxd4
0%
Bishop takes pawn Bxd5
0%
Bishop takes knight Bxe4
0%
Bishop takes bishop Bxe4
0%
Pawn takes pawn cxd4
0%
Pawn move d4
0%
Pawn move d5
0%
Pawn attacks bishop and knight d5
0%
Pawn move g3
0%
Pawn move g6
0%
Pawn move h4
0%
Pawn move h5
0%
Pawn takes pawn hxg6
0%
Pawn takes pawn hxg6
0%
King move Kg2
0%
Knight move Na3
0%
Knight move Nb5
0%
Knight attacks bishop Nd6
0%
Knight attacks bishop Ne4
0%
Queen move Qa4
0%
Queen attacks rook Qb4
0%
Queen move Qc6
0%
Queen retreats Qd6
0%
Queen move Qd7
0%
Queen move Qe3
0%
Queen move Qe6
0%
Queen move Qe8
0%
Queen move Qf3
0%
Queen attacks knight Qf8
0%
Queen takes queen, with check Qxc6+
0%
Queen takes rook Qxe7
0%
Rook move Rd1
0%
Rook move Re1
0%
Rook retreats Re2
0%
Rook move Re7
0%
Rook move Re8
0%
Rook takes rook Rxe7
0%
No matching quizzes found
Score Distribution
Percent of People with Each Score
Percentile by Number Answered
Your Score History
You have not taken this quiz